Carregant...

V R Nayanar : A (un)known social reformer

Dades bibliogràfiques
Autor principal: Baby Mundayal
Publicat: 1997
LEADER 00436nam a22001451a 4500
020 |c 0.00 
040 |a SSUS - Library - Kalady 
100 |a Baby Mundayal 
245 |a V R Nayanar : A (un)known social reformer   |h [M.Phil Dissertation] 
260 |c 1997 
300 |a 62p. 
852 |p D0758  |9 0.00  |t 0 
942 |c BK 
999 |c 48608  |d 48608 
952 |0 0  |1 0  |2 ddc  |4 0  |7 0  |9 70383  |a SSUS  |b SSUS  |c REF  |d 2015-01-08  |g 0.00  |p T0758  |r 2015-01-08  |v 0.00  |w 2015-01-08  |y PGD